1441 1904 1148 1287 1330 1545 1267 1446 1869 1769 1907 1303 2000 1135 1117 1610 1804 1326 1652 1283 1677 1759 1434 1175 1498 1027 1556 1144 1299 1131 1341 1975 1255 1095 1915 1890 1206 1536 1853 1945 1655 1755 1302 1767 1179 1018 1640 1665 1294 1803 1138 1800 1341 1987 1046 1543 1903 1913 1197 1807 1578 1898 1818 1112 1321 1319 1608 1806 1454 1141 1723 1202 1983 1830 1795 1557 1460 1590 1016 1389 1618 1798 1828 1173 1396 1784 1000 1743 1100 1162 1208 1268 1174 1946 1560 1528 1044 1403 1931 BCNSPRNW ULIB Ver.6.0+V

เปลี่ยนเป็นภาษาไทย

Change to English
 แสดงรายละเอียดบรรณานุกรม
  กลับหน้าหลัก

Brief Record : Get Marc (ISO 2709) : E-mail record : QR code < ปิดหน้าต่าง
LEADER : 00000nam 2200000uu 4500
001    13399113577
003     ULIB
008    110627s2551||||th 000 0 tha d
020    9789740957560
090    นว.^bO111ป 2551
100 0  Oresia
245 00 ปาฏิหาริย์รัก คืนคริสต์มาส/^cOresia
250    พิมพ์ครั้งที่ 1
260    กรุงเทพฯ :^bแจ่มใส,^c2551
300    264 หน้า
710 1  แจ่มใส
945    ^p189^l0^i024471
995    ทศพร
999 ^a ใช้งานได้ทุกระบบ
รายการนี้ยังไม่มีแท็ก
คุณยังไม่ได้ล็อกอิน คุณสามารถมีกิจกรรมร่วมกับเว็บไซต์ได้ แต่ต้องล็อกอินก่อน ::
  ล็อกอิน

รายการสื่อสารสนเทศ

ลำดับที่ ประเภท เลขเรียก/บาร์โค้ด สถานที่ สถานะ
1. นวนิยาย
นวนิยาย
นว. O111ป 2551 ฉ.1 
  Barcode: 024471
ห้องสมุดวิทยาเขตสวรรค์ประชารักษ์
►นวนิยาย
ถูกยืม กำหนดส่งวันที่ 20 ตุลาคม 2566
  จอง

รายการใกล้เคียง
    ผู้แต่ง [Oresia]

BibComment


ยังไม่เคยถูกคอมเมนท์

คอมเมนท์ทรัพยากรรายการนี้
  คอมเมนท์: ปาฏิหาริย์รัก คืน..


 Copyright 2026. Bcnsprnw @Library